000 00711nam a2200289Ia 4500
005 20260324150856.0
008 008 260324s9999 xx 000 0 eng d
020 _a9781351241335
037 _aEBOOK
040 _aCRL
040 _beng
040 _cCRL
041 _2eng
041 _aeng
084 _qCRL
100 _aGeorge Philip Krapp
_91227908
245 0 _aRevival: The Vercelli Book (1932)
245 4 _bThe Anglo-Saxon Poetic Records - A Collective Edition
260 _bTaylor and Francis
260 _c1932
365 _a
365 _b300
856 _uhttp://www.taylorfrancis.com/books/9781351241335
942 _cEBOOK
999 _c1838131
_d1838131